[Event "Tula GM"]
[Site "Tula"]
[Date "2018.11.07"]
[Round "4"]
[White "Tishin, Petr"]
[Black "Saydaliev, Saidakbar"]
[Result "0-1"]
[WhiteElo "2426"]
[BlackElo "2385"]
[PlyCount "74"]
[EventDate "2018.11.05"]
[EventType "tourn"]
[EventRounds "9"]
[EventCountry "RUS"]
[EventCategory "6"]
[SourceTitle "CBM 187 Extra"]
[Source "ChessBase"]
[SourceDate "2018.11.04"]
[SourceVersion "1"]
[SourceVersionDate "2018.11.04"]
[SourceQuality "1"]

1. e4 c5 2. Nc3 Nc6 3. Bc4 g6 4. f4 Bg7 5. Nf3 e6 6. d3 d6 7. 0-0 Nge7 8. Qe1 0-0 9. f5 gxf5 10. Qh4 Ng6 11. Qh5 fxe4 12. dxe4 f6 13. Bh6 Qe7 14. Ne2 Nce5 15. Nxe5 Nxe5 16. b3 Nxc4 17. bxc4 Qf7 18. Qxf7+ Kxf7 19. Bxg7 Kxg7 20. Rad1 Rd8 21. Rf3 b6 22. Rfd3 Ba6 23. Rxd6 Rxd6 24. Rxd6 Bxc4 25. Nc3 Rf8 26. Kf2 Rf7 27. Ke3 Rc7 28. Kf4 Kf7 29. e5 f5 30. h4 h6 31. a3 Ke7 32. g4 fxg4 33. Kxg4 b5 34. Ra6 b4 35. Ra4 a5 36. axb4 cxb4 37. Ne4 Be2+ 0-1

[Event "Tula GM"]
[Site "Tula"]
[Date "2018.11.06"]
[Round "3"]
[White "Sadovsky, Artem"]
[Black "Tishin, Petr"]
[Result "1/2-1/2"]
[WhiteElo "2408"]
[BlackElo "2426"]
[PlyCount "49"]
[EventDate "2018.11.05"]
[EventType "tourn"]
[EventRounds "9"]
[EventCountry "RUS"]
[EventCategory "6"]
[SourceTitle "CBM 187 Extra"]
[Source "ChessBase"]
[SourceDate "2018.11.04"]
[SourceVersion "1"]
[SourceVersionDate "2018.11.04"]
[SourceQuality "1"]

1. d4 d5 2. c4 c6 3. cxd5 cxd5 4. Bf4 Bf5 5. e3 e6 6. Bd3 Bxd3 7. Qxd3 Bd6 8. Bxd6 Qxd6 9. Nc3 Nc6 10. Nf3 Nf6 11. 0-0 0-0 12. Rfc1 Rfc8 13. a3 a6 14. b4 b5 15. Rc2 Rc7 16. Rac1 Rac8 17. Ne2 Ne7 18. Rxc7 Rxc7 19. Rxc7 Qxc7 20. Qc3 Qxc3 21. Nxc3 Nc6 22. Kf1 Kf8 23. Ke2 Ke7 24. Nd2 Ne8 25. Kd3 1/2-1/2

[Event "Tula GM"]
[Site "Tula"]
[Date "2018.11.05"]
[Round "1"]
[White "Oganian, Miran"]
[Black "Tishin, Petr"]
[Result "1/2-1/2"]
[WhiteElo "2435"]
[BlackElo "2426"]
[PlyCount "109"]
[EventDate "2018.11.05"]
[EventType "tourn"]
[EventRounds "9"]
[EventCountry "RUS"]
[EventCategory "6"]
[SourceTitle "CBM 187 Extra"]
[Source "ChessBase"]
[SourceDate "2018.11.04"]
[SourceVersion "1"]
[SourceVersionDate "2018.11.04"]
[SourceQuality "1"]

1. d4 d5 2. c4 e6 3. Nf3 Nf6 4. g3 Be7 5. Bg2 0-0 6. 0-0 c6 7. Qc2 b6 8. Nbd2 Bb7 9. e4 dxe4 10. Nxe4 Nxe4 11. Qxe4 Nd7 12. Rd1 Qc8 13. Qc2 Rd8 14. Bg5 Nf6 15. c5 h6 16. Bd2 Nd5 17. Rac1 Bf6 18. a3 Qc7 19. Qe4 Qe7 20. Bf1 Qf8 21. Bd3 g6 22. h4 Bg7 23. Qe2 Rd7 24. b4 Rad8 25. Kg2 Ne7 26. Bf4 Nf5 27. Bxf5 exf5 28. Bd6 Qe8 29. Qxe8+ Rxe8 30. Be5 Red8 31. Bxg7 Kxg7 32. Re1 Kf6 33. Rc3 g5 34. Rce3 Ba6 35. cxb6 axb6 36. Rc1 Bb5 37. Ne5 Rxd4 38. Rxc6+ Bxc6+ 39. Nxc6 R8d6 40. Nxd4 Rxd4 41. Rc3 Rd6 42. Rc7 g4 43. a4 Ke6 44. Rb7 f6 45. a5 bxa5 46. bxa5 Rd1 47. a6 Ra1 48. a7 h5 49. f4 Ra2+ 50. Kf1 Kd5 51. Re7 Kd4 52. Ke1 Kd3 53. Kf1 Ra1+ 54. Kf2 Ra2+ 55. Kf1 1/2-1/2

[Event "Tula Starodubtsev Memorial 4th"]
[Site "Tula"]
[Date "2018.01.09"]
[Round "8"]
[White "Tishin, Petr"]
[Black "Zaitsev, Alexander"]
[Result "1/2-1/2"]
[WhiteElo "2426"]
[BlackElo "2499"]
[PlyCount "30"]
[EventDate "2018.01.08"]
[EventType "tourn (rapid)"]
[EventRounds "9"]
[EventCountry "RUS"]
[EventCategory "10"]
[SourceTitle "CBM 182 Extra"]
[Source "ChessBase"]
[SourceDate "2018.02.23"]
[SourceVersion "1"]
[SourceVersionDate "2018.02.23"]
[SourceQuality "1"]

1. e4 e6 2. d4 d5 3. exd5 exd5 4. g3 Nf6 5. Bg2 c5 6. Nf3 Nc6 7. 0-0 Bg4 8. Re1+ Be7 9. dxc5 0-0 10. h3 Bh5 11. g4 Bg6 12. Be3 Ne4 13. Nc3 Nxc3 14. bxc3 Be4 15. Bd4 Qa5 1/2-1/2

[Event "Tula-ch Region"]
[Site "Tula"]
[Date "2017.08.30"]
[Round "9"]
[White "Smirnov, Alexander1"]
[Black "Tishin, Petr"]
[Result "1/2-1/2"]
[WhiteElo "2379"]
[BlackElo "2431"]
[PlyCount "48"]
[EventDate "2017.08.22"]
[EventType "tourn"]
[EventRounds "9"]
[EventCountry "RUS"]
[EventCategory "6"]
[SourceTitle "CBM 180 Extra"]
[Source "ChessBase"]
[SourceDate "2017.10.06"]
[SourceVersion "1"]
[SourceVersionDate "2017.10.06"]
[SourceQuality "1"]

1. d4 d5 2. c4 c6 3. cxd5 cxd5 4. Nf3 Nf6 5. Nc3 Nc6 6. Bf4 Bf5 7. e3 e6 8. Bd3 Bxd3 9. Qxd3 Bd6 10. Bxd6 Qxd6 11. 0-0 0-0 12. Rfc1 Rac8 13. a3 Na5 14. Nb5 Rxc1+ 15. Rxc1 Qa6 16. Ne5 Nc4 17. Nc7 Nxb2 18. Nxa6 Nxd3 19. Nxd3 bxa6 20. Rc7 Rb8 21. h3 h6 22. Rxa7 Rb3 23. Nc5 Rxa3 24. Rxa6 Rxa6 1/2-1/2

[Event "Tula-ch Region"]
[Site "Tula"]
[Date "2017.08.23"]
[Round "2"]
[White "Yagubi, Asif"]
[Black "Tishin, Petr"]
[Result "1/2-1/2"]
[WhiteElo "2381"]
[BlackElo "2431"]
[PlyCount "57"]
[EventDate "2017.08.22"]
[EventType "tourn"]
[EventRounds "9"]
[EventCountry "RUS"]
[EventCategory "6"]
[SourceTitle "CBM 180 Extra"]
[Source "ChessBase"]
[SourceDate "2017.10.06"]
[SourceVersion "1"]
[SourceVersionDate "2017.10.06"]
[SourceQuality "1"]

1. e4 e5 2. Nf3 Nc6 3. Bc4 Bc5 4. c3 Nf6 5. d3 d6 6. 0-0 a6 7. Bb3 Ba7 8. Re1 0-0 9. h3 h6 10. Nbd2 Re8 11. Nf1 Be6 12. Ng3 d5 13. Qe2 Qd7 14. Nh4 Rad8 15. Nhf5 dxe4 16. dxe4 Qd3 17. Be3 Qxe2 18. Rxe2 Bxb3 19. axb3 Bxe3 20. Nxe3 g6 21. Nc4 Rd7 22. Rd2 Red8 23. Rxd7 Rxd7 24. Kf1 h5 25. h4 Kf8 26. Ke2 Ke7 27. f3 Ne8 28. Ne3 Nf6 29. b4 1/2-1/2

[Event "Rilsk"]
[Site "Rilsk"]
[Date "2017.01.24"]
[Round "9"]
[White "Tishin, Petr"]
[Black "Sadikhov, Ulvi Ramil Oglu"]
[Result "1/2-1/2"]
[WhiteElo "2431"]
[BlackElo "2422"]
[PlyCount "55"]
[EventDate "2017.01.20"]
[EventType "tourn"]
[EventRounds "13"]
[EventCountry "RUS"]
[EventCategory "7"]
[SourceTitle "EXT 2018"]
[Source "ChessBase"]
[SourceDate "2017.10.13"]
[SourceVersion "1"]
[SourceVersionDate "2017.10.13"]
[SourceQuality "1"]

1. e4 d6 2. d4 Nf6 3. Nc3 e5 4. dxe5 dxe5 5. Qxd8+ Kxd8 6. Nf3 Bd6 7. Bc4 Ke7 8. Be3 Be6 9. Bxe6 fxe6 10. 0-0-0 Nc6 11. a3 a6 12. h3 b5 13. Nd2 Nd4 14. f4 Nd7 15. Rhf1 c5 16. fxe5 Bxe5 17. Nf3 Nxf3 18. Rxf3 Rac8 19. Ne2 Rhf8 20. Rxf8 Rxf8 21. c3 Bd6 22. b3 Ne5 23. Bg5+ Kd7 24. Be3 Ke7 25. Bg5+ Kd7 26. Be3 Ke7 27. Bg5+ Kd7 28. Be3 1/2-1/2

[Event "Dubna"]
[Site "Dubna"]
[Date "2015.12.04"]
[Round "11"]
[White "Domogaev, Sergey"]
[Black "Tishin, Petr"]
[Result "1/2-1/2"]
[WhiteElo "2454"]
[BlackElo "2406"]
[PlyCount "86"]
[EventDate "2015.11.28"]
[EventType "tourn"]
[EventRounds "13"]
[EventCountry "RUS"]
[EventCategory "6"]
[SourceTitle "EXT 2017"]
[Source "ChessBase"]
[SourceDate "2016.10.25"]
[SourceVersion "1"]
[SourceVersionDate "2016.10.25"]
[SourceQuality "1"]

1. d4 d5 2. c4 dxc4 3. Nf3 e6 4. e3 a6 5. Bxc4 c5 6. 0-0 Nf6 7. dxc5 Qxd1 8. Rxd1 Bxc5 9. Nbd2 0-0 10. Be2 Rd8 11. Ne5 Be7 12. b3 Nd5 13. Bb2 f6 14. Nd3 Nc6 15. e4 Nb6 16. Nf3 e5 17. Rac1 Bg4 18. Kf1 Rac8 19. Nd2 Be6 20. Nc5 Bxc5 21. Rxc5 Kf7 22. Nf3 Rxd1+ 23. Bxd1 Nb4 24. Rxc8 Nxc8 25. Bxe5 fxe5 26. Ng5+ Kf6 27. Nxe6 Nxa2 28. Nc5 Nd6 29. Ke1 Nb4 30. Kd2 a5 31. Ke3 Ke7 32. g3 g5 33. f4 gxf4+ 34. gxf4 exf4+ 35. Kxf4 b6 36. Na4 b5 37. Nc3 Nd3+ 38. Ke3 Nc5 39. Bc2 a4 40. e5 Nf7 41. bxa4 bxa4 42. Nxa4 Nxa4 43. Bxa4 Nxe5 1/2-1/2

[Event "Dubna"]
[Site "Dubna"]
[Date "2015.12.03"]
[Round "9"]
[White "Soozankar, Amir Mohammad"]
[Black "Tishin, Petr"]
[Result "1/2-1/2"]
[WhiteElo "2284"]
[BlackElo "2406"]
[PlyCount "82"]
[EventDate "2015.11.28"]
[EventType "tourn"]
[EventRounds "13"]
[EventCountry "RUS"]
[EventCategory "6"]
[SourceTitle "EXT 2017"]
[Source "ChessBase"]
[SourceDate "2016.10.25"]
[SourceVersion "1"]
[SourceVersionDate "2016.10.25"]
[SourceQuality "1"]

1. d4 d5 2. Nc3 Nc6 3. Bf4 a6 4. e3 Nf6 5. Bd3 Bg4 6. Nge2 e6 7. 0-0 Bd6 8. f3 Bh5 9. Bxd6 cxd6 10. Nf4 Bg6 11. Qd2 0-0 12. a3 Rc8 13. Rfc1 Qb6 14. Na4 Qa7 15. Bxg6 hxg6 16. Nc3 Ne7 17. Nd3 Nf5 18. Qf2 Rc7 19. g4 Ne7 20. a4 Rfc8 21. a5 g5 22. h4 gxh4 23. Qxh4 e5 24. g5 exd4 25. Qxd4 Qxd4 26. exd4 Nh5 27. Kf2 Rc4 28. Ra4 Rxa4 29. Nxa4 Rc4 30. Nc3 Rxd4 31. Rh1 g6 32. b3 Nf5 33. Ne2 Rh4 34. Rxh4 Nxh4 35. Nb4 f6 36. f4 d4 37. gxf6 Nf5 38. Nd5 Kf7 39. Kf3 Nxf6 40. Nxf6 Kxf6 41. Ke4 d3 1/2-1/2

[Event "Dubna"]
[Site "Dubna"]
[Date "2015.12.01"]
[Round "6"]
[White "Tishin, Petr"]
[Black "Zaitsev, Alexander"]
[Result "1/2-1/2"]
[WhiteElo "2406"]
[BlackElo "2473"]
[PlyCount "89"]
[EventDate "2015.11.28"]
[EventType "tourn"]
[EventRounds "13"]
[EventCountry "RUS"]
[EventCategory "6"]
[SourceTitle "EXT 2017"]
[Source "ChessBase"]
[SourceDate "2016.10.25"]
[SourceVersion "1"]
[SourceVersionDate "2016.10.25"]
[SourceQuality "1"]

1. e4 c5 2. Nc3 Nc6 3. f4 g6 4. Nf3 Bg7 5. Bb5 Nd4 6. Bc4 d6 7. 0-0 e6 8. Nxd4 cxd4 9. Ne2 Ne7 10. Bd3 0-0 11. b3 Nc6 12. Bb2 e5 13. Ba3 f5 14. fxe5 Nxe5 15. Bb2 Nxd3 16. cxd3 fxe4 17. dxe4 Bg4 18. Rxf8+ Qxf8 19. d3 d5 20. h3 Bxe2 21. Qxe2 Re8 22. Re1 Qb4 23. Qd1 dxe4 24. Rxe4 Rxe4 25. dxe4 Be5 26. a3 Qc5 27. Qd3 Kg7 28. a4 a6 29. Kf2 Qb4 30. Bc1 Qd6 31. Ke2 Qc6 32. Bb2 Qc5 33. Kf2 Kf6 34. Ke2 b5 35. axb5 axb5 36. Kd1 Ke6 37. Bc1 Qc6 38. Qf3 b4 39. Bd2 Qb5 40. Kc2 Qc5+ 41. Kd1 h5 42. g4 Bf6 43. gxh5 gxh5 44. Qg3 Qb5 45. Qg8+ 1/2-1/2

[Event "Dubna"]
[Site "Dubna"]
[Date "2015.11.30"]
[Round "4"]
[White "Pogosian, Manvel"]
[Black "Tishin, Petr"]
[Result "1/2-1/2"]
[WhiteElo "2382"]
[BlackElo "2406"]
[PlyCount "64"]
[EventDate "2015.11.28"]
[EventType "tourn"]
[EventRounds "13"]
[EventCountry "RUS"]
[EventCategory "6"]
[SourceTitle "EXT 2017"]
[Source "ChessBase"]
[SourceDate "2016.10.25"]
[SourceVersion "1"]
[SourceVersionDate "2016.10.25"]
[SourceQuality "1"]

1. d4 d5 2. c4 Nc6 3. Nc3 dxc4 4. Nf3 Nf6 5. e4 Bg4 6. Be3 e6 7. Bxc4 Bb4 8. Qc2 0-0 9. 0-0-0 Bxc3 10. bxc3 Qe7 11. h3 Bxf3 12. gxf3 Rfb8 13. Bd3 b5 14. e5 Nd5 15. Bxh7+ Kh8 16. Be4 Na5 17. Rdg1 Nc4 18. Bd2 Qa3+ 19. Kd1 b4 20. Bxd5 exd5 21. Bc1 Qa6 22. Rg4 bxc3 23. e6 g6 24. Rxg6 fxg6 25. Qxg6 c2+ 26. Kxc2 Qxa2+ 27. Kd1 Qa4+ 28. Ke2 Qa2+ 29. Kd1 Qb3+ 30. Ke2 Qa2+ 31. Kd1 Qb3+ 32. Ke2 Qa2+ 1/2-1/2

[Event "Raskazovo"]
[Site "Raskazovo"]
[Date "2015.04.12"]
[Round "7"]
[White "Kozlov, Mikhail P"]
[Black "Tishin, Petr"]
[Result "0-1"]
[WhiteElo "1890"]
[BlackElo "2489"]
[PlyCount "98"]
[EventDate "2015.04.08"]
[EventType "tourn"]
[EventRounds "11"]
[EventCountry "RUS"]
[SourceTitle "CBM 166 Extra"]
[Source "ChessBase"]
[SourceDate "2015.06.18"]
[SourceVersion "1"]
[SourceVersionDate "2015.06.18"]
[SourceQuality "1"]

1. e4 c6 2. d4 d5 3. e5 Bf5 4. h4 h6 5. c4 e6 6. Nc3 Nd7 7. Be3 dxc4 8. Bxc4 Ne7 9. Nge2 Nb6 10. Bd3 Bxd3 11. Qxd3 Ng6 12. Qe4 Bb4 13. a3 Bxc3+ 14. bxc3 Nc4 15. Rh3 Ne7 16. Rb1 b5 17. Bc1 Rb8 18. Rg3 Kf8 19. h5 Nf5 20. Rg4 Qd5 21. Qxd5 cxd5 22. Rf4 Rb6 23. Rf3 Ne7 24. Nf4 Kg8 25. Ke2 Nc6 26. Nd3 Nd8 27. g4 Nb7 28. Rg3 Nba5 29. Nc5 a6 30. f4 Nb7 31. Nxb7 Rxb7 32. a4 Kh7 33. f5 Rhb8 34. fxe6 fxe6 35. axb5 Rxb5 36. Rxb5 Rxb5 37. Kd3 a5 38. g5 hxg5 39. Rxg5 a4 40. Rg2 Rb1 41. Kc2 Rb7 42. Kd3 Rb1 43. Bg5 Rh1 44. Kc2 Rxh5 45. Rg1 Rh2+ 46. Kb1 a3 47. Bc1 g5 48. Rxg5 a2+ 49. Ka1 Rh1 0-1

[Event "Raskazovo"]
[Site "Raskazovo"]
[Date "2015.04.10"]
[Round "5"]
[White "Moiseev, Viktor"]
[Black "Tishin, Petr"]
[Result "1/2-1/2"]
[WhiteElo "2240"]
[BlackElo "2489"]
[PlyCount "78"]
[EventDate "2015.04.08"]
[EventType "tourn"]
[EventRounds "11"]
[EventCountry "RUS"]
[SourceTitle "CBM 166 Extra"]
[Source "ChessBase"]
[SourceDate "2015.06.18"]
[SourceVersion "1"]
[SourceVersionDate "2015.06.18"]
[SourceQuality "1"]

1. c4 Nf6 2. g3 g6 3. Bg2 Bg7 4. Nc3 0-0 5. Nf3 d6 6. 0-0 e5 7. d3 Nc6 8. Bg5 h6 9. Bxf6 Bxf6 10. Rc1 Bg7 11. Nd2 Be6 12. e3 Qd7 13. Nd5 Nd8 14. Qb3 c6 15. Nc3 Bh3 16. Qa3 Bxg2 17. Kxg2 Ne6 18. h4 f5 19. Qa4 a6 20. Qd1 b5 21. a3 Rab8 22. b4 d5 23. cxd5 cxd5 24. d4 exd4 25. exd4 Nxd4 26. Nb3 Nxb3 27. Qxb3 Bxc3 28. Rxc3 f4 29. Rd1 Rf5 30. Rc5 Rd8 31. g4 Rf7 32. Qf3 d4 33. Rc6 d3 34. Rxa6 Kg7 35. Rc6 Rf6 36. Rxf6 Kxf6 37. Qxf4+ Kg7 38. Rd2 Qe6 39. f3 Rd5 1/2-1/2